Online
Catalog

Más de quinientos años de legado americano al mundo / (Record no. 15001)

MARC details
000 -CABECERA
campo de control de longitud fija 00972cam a2200301 a 4500
001 - NÚMERO DE CONTROL
campo de control 000015444
005 - FECHA Y HORA DE LA ÚLTIMA TRANSACCIÓN
campo de control 20200929164037.0
008 - DATOS DE LONGITUD FIJA--INFORMACIÓN GENERAL
campo de control de longitud fija 930111s1991 ve a b 000 0 spa d
020 ## - NÚMERO INTERNACIONAL ESTÁNDAR DEL LIBRO
Número Internacional Estándar del Libro 9802594091
035 ## - NÚMERO DE CONTROL DEL SISTEMA
Número de control de sistema (DLC) 93102986
035 ## - NÚMERO DE CONTROL DEL SISTEMA
Número de control de sistema (OCoLC)26442336
040 ## - FUENTE DE LA CATALOGACIÓN
Centro catalogador/agencia de origen DO-SdBNP
Lengua de catalogación spa
Centro/agencia transcriptor BNPHU
Centro/agencia modificador DNAL
-- DLC
050 00 - SIGNATURA TOPOGRÁFICA DE LA BIBLIOTECA DEL CONGRESO
Número de clasificación E59.I53
Número de documento/Ítem W35 1991
070 0# - SIGNATURA TOPOGRÁFICA DE LA NATIONAL AGRICULTURAL LIBRARY
Número de clasificación F1220.W34
Número de documento/Ítem 1991
082 ## - NÚMERO DE LA CLASIFICACIÓN DECIMAL DEWEY
Número de clasificación NN
Número de documento/Ítem W132m
049 ## - FONDOS LOCALES (OCLC)
Fondos de biblioteca BNGR
100 1# - ENTRADA PRINCIPAL--NOMBRE DE PERSONA
Nombre de persona Wagner, Erika
9 (RLIN) 34870
245 10 - MENCIÓN DE TÍTULO
Título Más de quinientos años de legado americano al mundo /
Mención de responsabilidad, etc. Erika Wagner.
260 ## - PUBLICACIÓN, DISTRIBUCIÓN, ETC.
Lugar de publicación, distribución, etc. Caracas :
Nombre del editor, distribuidor, etc. Lagoven,
Fecha de publicación, distribución, etc. [1991].
300 ## - DESCRIPCIÓN FÍSICA
Extensión 103 p. :
Otras características físicas il. ;
Dimensiones 21 cm.
490 1# - MENCIÓN DE SERIE
Mención de serie Cuadernos Lagoven
-- Medio milenio
500 ## - NOTA GENERAL
Nota general "Agosto 1991"--Colophon.
504 ## - NOTA DE BIBLIOGRAFÍA, ETC.
Nota de bibliografía, etc. Incluye referencias bibliográficas (p. 97-98) e índice.
650 #0 - PUNTO DE ACCESO ADICIONAL DE MATERIA--TÉRMINO DE MATERIA
Término de materia o nombre geográfico como elemento de entrada Civilization
Subdivisión general Indian influences.
9 (RLIN) 34871
650 #0 - PUNTO DE ACCESO ADICIONAL DE MATERIA--TÉRMINO DE MATERIA
Término de materia o nombre geográfico como elemento de entrada Indians.
9 (RLIN) 34872
830 #0 - PUNTO DE ACCESO ADICIONAL DE SERIE-TÍTULO UNIFORME
Título uniforme Cuadernos Lagoven,
Nombre de parte o sección de la obra Medio milenio
9 (RLIN) 6272
910 ## - DATOS DE OPCIÓN DEL USUARIO (OCLC)
Datos de opción del usuario Catalogación por copia / LC
Holdings
Estado de retiro Estado de pérdida Restricciones de uso No para préstamo Código de colección Localización permanente Ubicación/localización actual Ubicación en estantería Fecha de adquisición Número de inventario Total de préstamos Signatura topográfica completa Código de barras Fecha visto por última vez Precio válido a partir de Tipo de ítem Koha
    Préstamo interno   Monografías: Libros y Folletos General General En catalogación 08.02.2010 LF1   NN W132m 15444-10 25.06.2020 25.06.2020 Préstamo interno

Powered by Koha